|
|
|
|
| LEADER |
00000cam a2200000 7i4500 |
| 001 |
0000038760 |
| 005 |
20131121.0 |
| 008 |
131120 |
| 020 |
|
|
|a 9673223756
|
| 090 |
0 |
0 |
|a 297.577
|b MUS
|
| 100 |
1 |
|
|a Musa Muhammad Hajjad az-Zahrani
|
| 245 |
1 |
0 |
|a Mendidik anak :
|b kasih & patuh kepada ibu bapa = teaching children affection & obedience to parents
|
| 260 |
|
|
|a KL :
|b Synergy Media ,
|c [s.n]
|
| 440 |
|
|
|a Siri keluarga mithali
|
| 650 |
|
0 |
|a Child rearing religious aspects Islam
|
| 650 |
|
0 |
|a Parenting religious aspects Islam
|
| 700 |
0 |
|
|a Siti Nasyrah Azlan
|
| 999 |
|
|
|a 0001246578
|b Book
|c Adult Collection
|e Cawangan Bandar Tenggara
|
| 999 |
|
|
|a 0001246581
|b Book
|c Adult Collection
|e Cawangan Mersing
|
| 999 |
|
|
|a 0001246583
|b Book
|c Adult Collection
|e Cawangan Pontian
|
| 999 |
|
|
|a 0001246584
|b Book
|c Adult Collection
|e Cawangan Tmn. Ungku Tun Aminah
|
| 999 |
|
|
|a 0001249190
|b Book
|c Adult Collection
|e Perbadanan Perpustakaan Awam Johor
|
| 999 |
|
|
|a 0001249191
|b Book
|c Adult Collection
|e Perbadanan Perpustakaan Awam Johor
|
| 999 |
|
|
|a 0001249192
|b Book
|c Adult Collection
|e Cawangan Urban Transformation Centre
|
| 999 |
|
|
|a 0001249193
|b Book
|c Adult Collection
|e Perbadanan Perpustakaan Awam Johor
|